[Event "DSJ Weihnachtsturnier U20 2020"]
[Site "https://play.chessbase.com/en/play?room=DSJWeihnachtU20"]
[Date "2020.12.29"]
[Round "1"]
[White "Engel, Luis"]
[Black "Rietschel, Tilo"]
[Result "1-0"]
[Termination "normal"]
[Board "1.1"]
[WhiteTitle "GM"]
[WhiteElo "2553"]
[BlackElo "2066"]
[WhiteTeam "Hamburger SK von 1830"]
[BlackTeam "Lübecker SV von 1873"]
[PlyCount "123"]
[WhiteFideId "12961523"]
[BlackFideId "16208390"]
[EventRounds "7"]
[EventType "team-swiss"]
[EventDate "2020.12.29"]

1. e4 {[%emt 0:00:02]} c5 {[%emt 0:00:04]} 2. Nf3 {[%emt 0:00:01]} d6 {[%emt
0:00:01]} 3. d4 {[%emt 0:00:02]} cxd4 {[%emt 0:00:00]} 4. Nxd4 {[%emt 0:00:01]}
Nf6 {[%emt 0:00:01]} 5. Nc3 {[%emt 0:00:01]} g6 {[%emt 0:00:01]} 6. Be3 { [%emt
0:00:02]} Bg7 {[%emt 0:00:01]} 7. f3 {[%emt 0:00:02]} O-O {[%emt 0:00:01] } 8.
Qd2 {[%emt 0:00:02]} Nc6 {[%emt 0:00:01]} 9. O-O-O {[%emt 0:00:02]} d5 { [%emt
0:00:02]} 10. Qe1 {[%emt 0:00:02]} e5 {[%emt 0:00:03]} 11. Nxc6 {[%emt
0:00:02]} bxc6 {[%emt 0:00:00]} 12. exd5 {[%emt 0:00:02]} Nxd5 {[%emt 0:00:00]}
13. Bc4 {[%emt 0:00:05]} Be6 {[%emt 0:00:02]} 14. Kb1 {[%emt 0:00:10]} Nxc3+ {
[%emt 0:02:00]} 15. Qxc3 {[%emt 0:00:02]} Qe7 {[%emt 0:00:01]} 16. Bb3 { [%emt
0:01:09]} Bxb3 {[%emt 0:00:18]} 17. axb3 {[%emt 0:00:03]} Qe6 {[%emt 0:00:53]}
18. h4 {[%emt 0:00:56]} Rfd8 {[%emt 0:00:11]} 19. h5 {[%emt 0:00:30]} Rd5
{[%emt 0:00:16]} 20. hxg6 {[%emt 0:00:07]} hxg6 {[%emt 0:00:22]} 21. Qb4 {
[%emt 0:00:48]} Bf6 {[%emt 0:00:59]} 22. Qb7 {[%emt 0:00:48]} Rad8 {[%emt
0:00:54]} 23. Rxd5 {[%emt 0:00:03]} cxd5 {[%emt 0:00:10]} 24. Bxa7 {[%emt
0:00:18]} e4 {[%emt 0:00:11]} 25. Qc7 {[%emt 0:00:39]} e3 {[%emt 0:00:28]} 26.
Bd4 { [%emt 0:00:13]} Re8 {[%emt 0:00:28]} 27. Bxf6 {[%emt 0:00:07]} Qxf6
{[%emt 0:00:00]} 28. Qd7 {[%emt 0:00:02]} Qe5 {[%emt 0:00:07]} 29. Re1 {[%emt
0:00:08]} d4 {[%emt 0:00:03]} 30. b4 {[%emt 0:00:07]} e2 {[%emt 0:00:02]} 31.
b5 { [%emt 0:00:09]} Rb8 {[%emt 0:00:25]} 32. b6 {[%emt 0:00:08]} Kg7 {[%emt
0:00:16]} 33. Qc7 {[%emt 0:00:17]} Qa5 {[%emt 0:00:47]} 34. Rxe2 {[%emt
0:00:14]} Rxb6 {[%emt 0:00:01]} 35. Qe5+ {[%emt 0:00:06]} Qxe5 {[%emt 0:00:02]}
36. Rxe5 {[%emt 0:00:00]} Kf6 {[%emt 0:00:00]} 37. Rd5 {[%emt 0:00:05]} Rb4
{[%emt 0:00:01]} 38. Kc1 {[%emt 0:00:04]} Ke6 {[%emt 0:00:03]} 39. Ra5 {[%emt
0:00:04]} f5 {[%emt 0:00:03]} 40. Ra6+ {[%emt 0:00:03]} Kf7 {[%emt 0:00:01]}
41. Rd6 { [%emt 0:00:07]} g5 {[%emt 0:00:09]} 42. b3 {[%emt 0:00:01]} Ke7
{[%emt 0:00:07] } 43. Rg6 {[%emt 0:00:02]} d3 {[%emt 0:00:03]} 44. Rxg5 {[%emt
0:00:07]} Kf6 { [%emt 0:00:04]} 45. Rg8 {[%emt 0:00:02]} dxc2 {[%emt 0:00:02]}
46. Kxc2 { [%emt 0:00:00]} Ke5 {[%emt 0:00:01]} 47. Kc3 {[%emt 0:00:04]} Rb7
{[%emt 0:00:02]} 48. b4 {[%emt 0:00:04]} Kd5 {[%emt 0:00:09]} 49. Rd8+ {[%emt
0:00:02]} Ke5 {[%emt 0:00:02]} 50. Kc4 {[%emt 0:00:04]} Kf4 {[%emt 0:00:01]}
51. b5 {[%emt 0:00:03]} Rc7+ {[%emt 0:00:04]} 52. Kb4 {[%emt 0:00:02]} Kg3
{[%emt 0:00:01]} 53. Rg8+ {[%emt 0:00:02]} Kf2 {[%emt 0:00:01]} 54. b6 {[%emt
0:00:01]} Rc1 { [%emt 0:00:01]} 55. Kb5 {[%emt 0:00:01]} Rb1+ {[%emt 0:00:01]}
56. Kc6 { [%emt 0:00:02]} f4 {[%emt 0:00:01]} 57. b7 {[%emt 0:00:02]} Rc1+
{[%emt 0:00:02]} 58. Kd6 {[%emt 0:00:02]} Rd1+ {[%emt 0:00:02]} 59. Ke5 {[%emt
0:00:01]} Rb1 {[%emt 0:00:01]} 60. b8=Q {[%emt 0:00:02]} Rxb8 {[%emt 0:00:01]}
61. Rxb8 { [%emt 0:00:00]} Kxg2 {[%emt 0:00:00]} 62. Kxf4 {[%emt 0:00:01]} 1-0

[Event "DSJ Weihnachtsturnier U20 2020"]
[Site "https://play.chessbase.com/en/play?room=DSJWeihnachtU20"]
[Date "2020.12.29"]
[Round "1"]
[White "Mundt, Alexandra"]
[Black "Woelk, Tom-Frederic"]
[Result "0-1"]
[Termination "time forfeit"]
[Board "1.2"]
[WhiteElo "1768"]
[BlackElo "2245"]
[WhiteTeam "Lübecker SV von 1873"]
[BlackTeam "Hamburger SK von 1830"]
[PlyCount "88"]
[WhiteFideId "16217276"]
[BlackFideId "12993077"]
[EventRounds "7"]
[EventType "team-swiss"]
[EventDate "2020.12.29"]

1. e4 {[%emt 0:00:05]} e5 {[%emt 0:00:02]} 2. Nf3 {[%emt 0:00:04]} Nc6 { [%emt
0:00:01]} 3. Bb5 {[%emt 0:00:02]} g6 {[%emt 0:00:01]} 4. c3 {[%emt 0:00:12]} a6
{[%emt 0:00:04]} 5. Ba4 {[%emt 0:00:02]} b5 {[%emt 0:00:10]} 6. Bc2 { [%emt
0:00:02]} Nge7 {[%emt 0:00:04]} 7. d4 {[%emt 0:00:11]} exd4 {[%emt 0:00:02]} 8.
cxd4 {[%emt 0:00:01]} d5 {[%emt 0:00:01]} 9. Bg5 {[%emt 0:00:36]} Bg7 { [%emt
0:00:17]} 10. e5 {[%emt 0:00:09]} Bg4 {[%emt 0:00:06]} 11. Be3 {[%emt 0:01:10]}
Nf5 {[%emt 0:00:09]} 12. Bxf5 {[%emt 0:01:07]} Bxf5 {[%emt 0:00:03]} 13. O-O
{[%emt 0:00:58]} O-O {[%emt 0:00:05]} 14. a3 {[%emt 0:00:38]} f6 { [%emt
0:03:04]} 15. Nc3 {[%emt 0:01:11]} fxe5 {[%emt 0:00:08]} 16. dxe5 { [%emt
0:00:04]} Nxe5 {[%emt 0:01:05]} 17. Nxe5 {[%emt 0:01:25]} Bxe5 {[%emt 0:00:04]}
18. Bh6 {[%emt 0:00:03]} Rf7 {[%emt 0:00:57]} 19. Qxd5 {[%emt 0:01:40]} Qxd5
{[%emt 0:00:06]} 20. Nxd5 {[%emt 0:00:02]} Bxb2 {[%emt 0:00:01]} 21. Ra2 {
[%emt 0:00:04]} Bd4 {[%emt 0:00:50]} 22. Rd2 {[%emt 0:00:08]} c5 {[%emt
0:00:03]} 23. Bg5 {[%emt 0:00:26]} Kg7 {[%emt 0:00:36]} 24. Ne7 {[%emt
0:00:11]} Bd7 {[%emt 0:00:04]} 25. Nd5 {[%emt 0:00:06]} Re8 {[%emt 0:00:18]}
26. Ne3 { [%emt 0:00:12]} h6 {[%emt 0:00:07]} 27. Bh4 {[%emt 0:00:03]} Rxe3
{[%emt 0:01:15]} 28. fxe3 {[%emt 0:00:02]} Bxe3+ {[%emt 0:00:00]} 29. Bf2
{[%emt 0:00:03]} Bxd2 {[%emt 0:00:03]} 30. Bxc5 {[%emt 0:00:03]} Rxf1+ {[%emt
0:00:04]} 31. Kxf1 {[%emt 0:00:01]} Kf7 {[%emt 0:00:01]} 32. Ke2 {[%emt
0:00:01]} Bg5 {[%emt 0:00:01]} 33. h3 {[%emt 0:00:02]} Be7 {[%emt 0:00:01]} 34.
Bb4 {[%emt 0:00:02]} Bxb4 {[%emt 0:00:02]} 35. axb4 {[%emt 0:00:00]} Ke6 {[%emt
0:00:01]} 36. Kd3 { [%emt 0:00:01]} Kd5 {[%emt 0:00:00]} 37. Kc3 {[%emt
0:00:01]} Bf5 {[%emt 0:00:02]} 38. Kb3 {[%emt 0:00:03]} h5 {[%emt 0:00:01]} 39.
Kc3 {[%emt 0:00:04]} h4 { [%emt 0:00:02]} 40. Kb3 {[%emt 0:00:02]} Kd4 {[%emt
0:00:01]} 41. Kb2 {[%emt 0:00:02]} Kc4 {[%emt 0:00:01]} 42. Ka3 {[%emt
0:00:01]} Kc3 {[%emt 0:00:01]} 43. Ka2 {[%emt 0:00:01]} Kxb4 {[%emt 0:00:01]}
44. Kb2 {[%emt 0:00:05]} a5 { [%emt 0:00:01] TimeW} 0-1

[Event "DSJ Weihnachtsturnier U20 2020"]
[Site "https://play.chessbase.com/en/play?room=DSJWeihnachtU20"]
[Date "2020.12.29"]
[Round "1"]
[White "Engel, Robert"]
[Black "Kroschel, Anton"]
[Result "1-0"]
[Termination "normal"]
[Board "1.3"]
[WhiteElo "2113"]
[BlackElo "1754"]
[WhiteTeam "Hamburger SK von 1830"]
[BlackTeam "Lübecker SV von 1873"]
[PlyCount "69"]
[WhiteFideId "12974684"]
[BlackFideId "12969834"]
[EventRounds "7"]
[EventType "team-swiss"]
[EventDate "2020.12.29"]

1. e4 {[%emt 0:00:04]} c5 {[%emt 0:00:02]} 2. Nf3 {[%emt 0:00:02]} e6 {[%emt
0:00:01]} 3. d4 {[%emt 0:00:03]} cxd4 {[%emt 0:00:00]} 4. Nxd4 {[%emt 0:00:02]}
Nf6 {[%emt 0:00:02]} 5. Nc3 {[%emt 0:00:04]} Bb4 {[%emt 0:00:02]} 6. e5 { [%emt
0:00:07]} Ne4 {[%emt 0:00:27]} 7. Qg4 {[%emt 0:00:20]} Nxc3 {[%emt 0:01:24]} 8.
Qxg7 {[%emt 0:01:20]} Rf8 {[%emt 0:01:13]} 9. a3 {[%emt 0:04:21]} Nb5+ {[%emt
0:01:04]} 10. axb4 {[%emt 0:00:16]} Nxd4 {[%emt 0:00:03]} 11. Bd3 { [%emt
0:00:16]} Nbc6 {[%emt 0:02:04]} 12. c3 {[%emt 0:01:01]} Nb3 {[%emt 0:01:11]}
13. Bh6 {[%emt 0:00:03]} Qe7 {[%emt 0:00:21]} 14. Ra3 {[%emt 0:00:13]} d6
{[%emt 0:00:39]} 15. exd6 {[%emt 0:00:32]} Qxd6 {[%emt 0:00:02]} 16. Qxf8+ {
[%emt 0:00:01]} Qxf8 {[%emt 0:00:02]} 17. Bxf8 {[%emt 0:00:00]} Kxf8 {[%emt
0:00:00]} 18. Rxb3 {[%emt 0:00:01]} Kg7 {[%emt 0:00:08]} 19. Ra3 {[%emt
0:00:04]} Ne5 {[%emt 0:00:15]} 20. Ke2 {[%emt 0:00:06]} Nxd3 {[%emt 0:00:10]}
21. Kxd3 { [%emt 0:00:00]} b6 {[%emt 0:00:00]} 22. Rha1 {[%emt 0:00:05]} a6
{[%emt 0:00:02]} 23. f3 {[%emt 0:00:12]} Kf6 {[%emt 0:00:04]} 24. Rd1 {[%emt
0:00:05]} Bb7 {[%emt 0:00:02]} 25. Raa1 {[%emt 0:00:02]} b5 {[%emt 0:00:07]}
26. Ke3 { [%emt 0:00:02]} Bd5 {[%emt 0:00:02]} 27. Rd4 {[%emt 0:00:02]} h5
{[%emt 0:00:10]} 28. g3 {[%emt 0:00:01]} Ke5 {[%emt 0:00:05]} 29. Ra3 {[%emt
0:00:17]} Kf6 {[%emt 0:00:25]} 30. b3 {[%emt 0:00:36]} Rc8 {[%emt 0:00:01]} 31.
Kd3 {[%emt 0:00:01]} Bxf3 {[%emt 0:00:12]} 32. Rf4+ {[%emt 0:00:02]} Ke5 {[%emt
0:00:13]} 33. Rxf3 {[%emt 0:00:01]} f5 {[%emt 0:00:01]} 34. Rxa6 {[%emt
0:00:03]} Rd8+ { [%emt 0:00:01]} 35. Ke2 {[%emt 0:00:04]} 1-0

[Event "DSJ Weihnachtsturnier U20 2020"]
[Site "https://play.chessbase.com/en/play?room=DSJWeihnachtU20"]
[Date "2020.12.29"]
[Round "1"]
[White "Stülcken, Philipp"]
[Black "Meyling, Lennart"]
[Result "0-1"]
[Termination "normal"]
[Board "1.4"]
[WhiteElo "1459"]
[BlackElo "2044"]
[WhiteTeam "Lübecker SV von 1873"]
[BlackTeam "Hamburger SK von 1830"]
[PlyCount "57"]
[WhiteFideId "12986232"]
[BlackFideId "12947130"]
[EventRounds "7"]
[EventType "team-swiss"]
[EventDate "2020.12.29"]

1. e4 {[%emt 0:00:03]} c5 {[%emt 0:00:04]} 2. Nc3 {[%emt 0:00:03]} g6 {[%emt
0:00:02]} 3. f4 {[%emt 0:00:02]} Bg7 {[%emt 0:00:03]} 4. d3 {[%emt 0:00:02]} e6
{ [%emt 0:00:01]} 5. Nf3 {[%emt 0:00:03]} d5 {[%emt 0:00:02]} 6. e5 {[%emt
0:00:06]} Ne7 {[%emt 0:00:04]} 7. Bd2 {[%emt 0:00:05]} Nbc6 {[%emt 0:00:03]} 8.
Be2 {[%emt 0:00:05]} a6 {[%emt 0:00:05]} 9. O-O {[%emt 0:00:02]} b5 {[%emt
0:00:03] } 10. Be1 {[%emt 0:00:16]} O-O {[%emt 0:02:12]} 11. Bf2 {[%emt
0:00:17]} c4 { [%emt 0:00:05]} 12. d4 {[%emt 0:00:08]} Bd7 {[%emt 0:00:28]} 13.
h4 {[%emt 0:00:21]} b4 {[%emt 0:00:08]} 14. Na4 {[%emt 0:00:07]} Nxd4 {[%emt
0:00:11]} 15. Nxd4 {[%emt 0:00:06]} Bxa4 {[%emt 0:00:04]} 16. h5 {[%emt
0:00:04]} Nc6 { [%emt 0:00:53]} 17. hxg6 {[%emt 0:00:34]} hxg6 {[%emt 0:00:12]}
18. g4 { [%emt 0:00:15]} Nxd4 {[%emt 0:00:26]} 19. Bxd4 {[%emt 0:00:12]} f6
{[%emt 0:00:45]} 20. Kg2 {[%emt 0:00:00]} fxe5 {[%emt 0:00:08]} 21. Bxe5 {[%emt
0:00:29]} Bxe5 {[%emt 0:00:08]} 22. fxe5 {[%emt 0:00:03]} Qg5 {[%emt 0:00:01]}
23. Rh1 { [%emt 0:00:09]} Qxe5 {[%emt 0:00:09]} 24. b3 {[%emt 0:00:04]} cxb3
{[%emt 0:00:08]} 25. axb3 {[%emt 0:00:02]} Bb5 {[%emt 0:00:01]} 26. Bxb5 {[%emt
0:00:23]} Qe4+ {[%emt 0:00:05]} 27. Kg1 {[%emt 0:00:16]} Qe3+ {[%emt 0:00:04]}
28. Kg2 { [%emt 0:00:07]} Rf2+ {[%emt 0:00:02]} 29. Kg1 {[%emt 0:00:02]} 0-1

[Event "DSJ Weihnachtsturnier U20 2020"]
[Site "https://play.chessbase.com/en/play?room=DSJWeihnachtU20"]
[Date "2020.12.29"]
[Round "1"]
[White "Fidlin, Simon"]
[Black "Reuker, Jari"]
[Result "0-1"]
[Termination "normal"]
[Board "2.1"]
[WhiteElo "1862"]
[BlackElo "2423"]
[WhiteTeam "Karlsruher SF 1853 2"]
[BlackTeam "SV Werder Bremen"]
[PlyCount "68"]
[WhiteFideId "16217535"]
[BlackFideId "12909300"]
[EventRounds "7"]
[EventType "team-swiss"]
[EventDate "2020.12.29"]

1. e4 {[%emt 0:00:03]} e5 {[%emt 0:00:03]} 2. Nf3 {[%emt 0:00:02]} Nc6 { [%emt
0:00:01]} 3. Bb5 {[%emt 0:00:02]} Nf6 {[%emt 0:00:02]} 4. d3 {[%emt 0:00:02]}
Bc5 {[%emt 0:00:02]} 5. c3 {[%emt 0:00:06]} O-O {[%emt 0:00:03]} 6. O-O { [%emt
0:00:08]} d6 {[%emt 0:00:02]} 7. Re1 {[%emt 0:00:05]} a6 {[%emt 0:00:09]} 8.
Ba4 {[%emt 0:00:04]} Ba7 {[%emt 0:00:01]} 9. Nbd2 {[%emt 0:00:19]} Ne7 { [%emt
0:00:03]} 10. Nf1 {[%emt 0:00:05]} Ng6 {[%emt 0:00:02]} 11. Ng3 {[%emt
0:00:07]} c6 {[%emt 0:00:01]} 12. Bb3 {[%emt 0:00:34]} h6 {[%emt 0:00:45]} 13.
h3 {[%emt 0:00:10]} d5 {[%emt 0:00:09]} 14. exd5 {[%emt 0:00:13]} Nxd5 {[%emt
0:00:02]} 15. Nxe5 {[%emt 0:00:21]} Nxe5 {[%emt 0:00:27]} 16. Rxe5 {[%emt
0:00:04]} Bxf2+ {[%emt 0:00:20]} 17. Kh2 {[%emt 0:01:23]} Qd6 {[%emt 0:00:51]}
18. Qf3 {[%emt 0:00:42]} Qxe5 {[%emt 0:00:37]} 19. Qxf2 {[%emt 0:00:06]} Be6 {
[%emt 0:00:07]} 20. d4 {[%emt 0:00:10]} Qd6 {[%emt 0:00:11]} 21. Kg1 {[%emt
0:00:17]} Rae8 {[%emt 0:00:09]} 22. Ne4 {[%emt 0:00:10]} Qe7 {[%emt 0:00:06]}
23. Bc2 {[%emt 0:00:10]} Bc8 {[%emt 0:00:41]} 24. Bd2 {[%emt 0:00:15]} f5
{[%emt 0:00:06]} 25. Ng3 {[%emt 0:00:04]} f4 {[%emt 0:00:13]} 26. Ne4 {[%emt
0:00:04]} Bf5 {[%emt 0:00:18]} 27. Re1 {[%emt 0:00:07]} Ne3 {[%emt 0:00:27]}
28. Bxe3 { [%emt 0:00:08]} fxe3 {[%emt 0:00:14]} 29. Qxe3 {[%emt 0:00:05]} Bxe4
{[%emt 0:00:10]} 30. Bxe4 {[%emt 0:00:08]} Kh8 {[%emt 0:00:01]} 31. Qd2 {[%emt
0:00:37]} Qh4 {[%emt 0:00:05]} 32. Re3 {[%emt 0:00:56]} Rxe4 {[%emt 0:00:10]}
33. g3 { [%emt 0:00:02]} Qxh3 {[%emt 0:00:06]} 34. Rxe4 {[%emt 0:00:06]} Rf1#
{[%emt 0:00:02]} 0-1

[Event "DSJ Weihnachtsturnier U20 2020"]
[Site "https://play.chessbase.com/en/play?room=DSJWeihnachtU20"]
[Date "2020.12.29"]
[Round "1"]
[White "Wachinger, Nikolas"]
[Black "Hänselmann, Hendrik"]
[Result "1-0"]
[Termination "normal"]
[Board "2.2"]
[WhiteElo "2369"]
[BlackElo "1828"]
[WhiteTeam "SV Werder Bremen"]
[BlackTeam "Karlsruher SF 1853 2"]
[PlyCount "83"]
[WhiteFideId "12962791"]
[BlackFideId "16232755"]
[EventRounds "7"]
[EventType "team-swiss"]
[EventDate "2020.12.29"]

1. e4 {[%emt 0:00:06]} c5 {[%emt 0:00:02]} 2. Nf3 {[%emt 0:00:11]} e6 {[%emt
0:00:05]} 3. c4 {[%emt 0:00:12]} Qc7 {[%emt 0:00:28]} 4. Nc3 {[%emt 0:00:04]}
a6 {[%emt 0:00:03]} 5. Be2 {[%emt 0:00:28]} d6 {[%emt 0:00:06]} 6. O-O {[%emt
0:00:02]} Nf6 {[%emt 0:00:02]} 7. d4 {[%emt 0:00:03]} cxd4 {[%emt 0:00:02]} 8.
Nxd4 {[%emt 0:00:00]} Be7 {[%emt 0:00:05]} 9. Be3 {[%emt 0:00:28]} O-O { [%emt
0:00:09]} 10. Rc1 {[%emt 0:00:15]} b6 {[%emt 0:00:05]} 11. f4 {[%emt 0:01:22]}
Nbd7 {[%emt 0:01:22]} 12. Bf3 {[%emt 0:00:12]} Bb7 {[%emt 0:00:06]} 13. b3
{[%emt 0:00:18]} Rac8 {[%emt 0:00:08]} 14. g4 {[%emt 0:00:55]} Nc5 {[%emt
0:01:07]} 15. Qc2 {[%emt 0:00:19]} Rfe8 {[%emt 0:00:53]} 16. g5 {[%emt
0:00:20]} Nfd7 {[%emt 0:00:04]} 17. b4 {[%emt 0:00:10]} e5 {[%emt 0:00:07]} 18.
Nf5 { [%emt 0:01:32]} Ne6 {[%emt 0:00:17]} 19. Nxe7+ {[%emt 0:00:33]} Rxe7
{[%emt 0:00:10]} 20. f5 {[%emt 0:00:44]} Nd4 {[%emt 0:00:55]} 21. Qf2 {[%emt
0:00:08]} Nxf3+ {[%emt 0:00:40]} 22. Qxf3 {[%emt 0:00:02]} f6 {[%emt 0:00:02]}
23. Nd5 { [%emt 0:00:10]} Bxd5 {[%emt 0:00:11]} 24. cxd5 {[%emt 0:00:00]} Qb7
{[%emt 0:00:15]} 25. Rxc8+ {[%emt 0:00:02]} Qxc8 {[%emt 0:00:02]} 26. Rc1
{[%emt 0:00:00]} Qb7 {[%emt 0:00:09]} 27. Rc6 {[%emt 0:00:06]} b5 {[%emt
0:00:36]} 28. Rxd6 {[%emt 0:00:07]} fxg5 {[%emt 0:00:21]} 29. Bxg5 {[%emt
0:00:24]} Rf7 {[%emt 0:00:02]} 30. Qc3 {[%emt 0:00:14]} a5 {[%emt 0:00:50]} 31.
bxa5 {[%emt 0:00:21]} Qa7+ {[%emt 0:00:07]} 32. Be3 {[%emt 0:00:03]} Qb8 {[%emt
0:00:06]} 33. Rc6 { [%emt 0:00:18]} Rf8 {[%emt 0:00:04]} 34. a6 {[%emt
0:00:05]} Nf6 {[%emt 0:00:06]} 35. a7 {[%emt 0:00:07]} Qa8 {[%emt 0:00:20]} 36.
Qb4 {[%emt 0:00:15]} Rd8 {[%emt 0:00:31]} 37. Rc7 {[%emt 0:00:07]} Re8 {[%emt
0:00:06]} 38. Qxb5 { [%emt 0:00:15]} Nxe4 {[%emt 0:00:08]} 39. Qb7 {[%emt
0:00:02]} Qd8 {[%emt 0:00:07]} 40. Rxg7+ {[%emt 0:00:01]} Kh8 {[%emt 0:00:01]}
41. Rxh7+ {[%emt 0:00:01]} Kg8 {[%emt 0:00:01]} 42. Qf7# {[%emt 0:00:01]} 1-0

[Event "DSJ Weihnachtsturnier U20 2020"]
[Site "https://play.chessbase.com/en/play?room=DSJWeihnachtU20"]
[Date "2020.12.29"]
[Round "1"]
[White "Borodaev, Roman"]
[Black "Colbow, Collin"]
[Result "0-1"]
[Termination "normal"]
[Board "2.3"]
[BlackTitle "FM"]
[WhiteElo "1657"]
[BlackElo "2339"]
[WhiteTeam "Karlsruher SF 1853 2"]
[BlackTeam "SV Werder Bremen"]
[PlyCount "58"]
[WhiteFideId "16274881"]
[BlackFideId "16201132"]
[EventRounds "7"]
[EventType "team-swiss"]
[EventDate "2020.12.29"]

1. e4 {[%emt 0:00:07]} c5 {[%emt 0:00:01]} 2. Nf3 {[%emt 0:00:04]} d6 {[%emt
0:00:01]} 3. d4 {[%emt 0:00:02]} cxd4 {[%emt 0:00:00]} 4. Nxd4 {[%emt 0:00:01]}
Nf6 {[%emt 0:00:00]} 5. Nc3 {[%emt 0:00:02]} Nc6 {[%emt 0:00:01]} 6. Be2 {
[%emt 0:00:04]} e5 {[%emt 0:00:02]} 7. Ndb5 {[%emt 0:00:06]} a6 {[%emt 0:00:14]
} 8. Na3 {[%emt 0:00:04]} b5 {[%emt 0:00:22]} 9. Nd5 {[%emt 0:00:13]} Nxd5 {
[%emt 0:00:02]} 10. exd5 {[%emt 0:00:06]} Nd4 {[%emt 0:02:12]} 11. c3 {[%emt
0:00:03]} Nxe2 {[%emt 0:00:05]} 12. Qxe2 {[%emt 0:00:02]} Bb7 {[%emt 0:00:18]}
13. c4 {[%emt 0:00:15]} bxc4 {[%emt 0:00:08]} 14. Qxc4 {[%emt 0:00:05]} Qa5+ {
[%emt 0:00:24]} 15. Bd2 {[%emt 0:00:02]} Qxd5 {[%emt 0:00:01]} 16. Qxd5 { [%emt
0:00:31]} Bxd5 {[%emt 0:00:00]} 17. O-O {[%emt 0:00:02]} Be7 {[%emt 0:00:06]}
18. f4 {[%emt 0:00:10]} O-O {[%emt 0:00:10]} 19. fxe5 {[%emt 0:00:03]} dxe5
{[%emt 0:00:00]} 20. Bc3 {[%emt 0:00:01]} f6 {[%emt 0:00:13]} 21. Nc2 { [%emt
0:00:01]} Bc5+ {[%emt 0:00:16]} 22. Kh1 {[%emt 0:00:03]} Rfd8 {[%emt 0:00:01]}
23. Rad1 {[%emt 0:00:08]} Bxa2 {[%emt 0:00:20]} 24. Nb4 {[%emt 0:00:30] } Bc4
{[%emt 0:00:28]} 25. Rfe1 {[%emt 0:00:17]} Bf2 {[%emt 0:00:41]} 26. Rxd8+
{[%emt 0:00:05]} Rxd8 {[%emt 0:00:00]} 27. Ra1 {[%emt 0:00:02]} Be2 {[%emt
0:00:35]} 28. h3 {[%emt 0:00:16]} Kf7 {[%emt 0:00:20]} 29. Nxa6 {[%emt
0:00:07]} Ra8 {[%emt 0:00:10]} 0-1

[Event "DSJ Weihnachtsturnier U20 2020"]
[Site "https://play.chessbase.com/en/play?room=DSJWeihnachtU20"]
[Date "2020.12.29"]
[Round "1"]
[White "Helms, Finn"]
[Black "Scheifel, Maximilian"]
[Result "1-0"]
[Termination "normal"]
[Board "2.4"]
[WhiteElo "1934"]
[BlackElo "1218"]
[WhiteTeam "SV Werder Bremen"]
[BlackTeam "Karlsruher SF 1853 2"]
[PlyCount "53"]
[WhiteFideId "16249143"]
[BlackFideId "16279433"]
[EventRounds "7"]
[EventType "team-swiss"]
[EventDate "2020.12.29"]

1. e4 {[%emt 0:00:06]} c6 {[%emt 0:00:03]} 2. d4 {[%emt 0:00:02]} d5 {[%emt
0:00:01]} 3. Nc3 {[%emt 0:00:04]} dxe4 {[%emt 0:00:01]} 4. Nxe4 {[%emt
0:00:00]} Bf5 {[%emt 0:00:05]} 5. Ng3 {[%emt 0:00:02]} Bg6 {[%emt 0:00:01]} 6.
h4 { [%emt 0:00:02]} h6 {[%emt 0:00:01]} 7. Nf3 {[%emt 0:00:01]} Nf6 {[%emt
0:00:01] } 8. h5 {[%emt 0:00:04]} Bh7 {[%emt 0:00:01]} 9. Ne5 {[%emt 0:00:11]}
e6 { [%emt 0:00:02]} 10. Bf4 {[%emt 0:00:09]} Nbd7 {[%emt 0:00:39]} 11. Bc4 {
[%emt 0:01:15]} Nxe5 {[%emt 0:00:07]} 12. Bxe5 {[%emt 0:00:06]} Bd6 {[%emt
0:00:05]} 13. Qe2 {[%emt 0:00:12]} Bxe5 {[%emt 0:00:54]} 14. dxe5 {[%emt
0:00:27] } Nd5 {[%emt 0:00:08]} 15. O-O {[%emt 0:00:18]} O-O {[%emt 0:00:08]}
16. Rad1 { [%emt 0:00:28]} Qb6 {[%emt 0:00:07]} 17. c3 {[%emt 0:01:09]} Rfd8
{[%emt 0:00:24]} 18. Rd2 {[%emt 0:00:51]} Ne7 {[%emt 0:00:26]} 19. Rfd1 {[%emt
0:00:12]} Nf5 {[%emt 0:00:40]} 20. Ne4 {[%emt 0:00:15]} Qc7 {[%emt 0:02:51]
Karlsru2-004 bietet Remis} 21. g4 {[%emt 0:00:41]} Ne7 {[%emt 0:00:25]} 22. Rd6
{[%emt 0:00:24]} Nd5 {[%emt 0:00:50]} 23. Bxd5 {[%emt 0:00:16]} exd5 {[%emt
0:00:06]} 24. Rxd8+ {[%emt 0:00:15]} Rxd8 {[%emt 0:00:04]} 25. Nd6 {[%emt
0:00:02]} Rd7 { [%emt 0:01:16]} 26. e6 {[%emt 0:00:28]} Rxd6 {[%emt 0:00:24]}
27. e7 {[%emt 0:00:03] Karlsru2-004 gibt auf} 1-0